Semisimple Lie algebras /

Guardado en:
Autor Principal: Goto, Morikuni.
Otros Autores: Grosshans, Frank D., 1942-
Formato: Libro
Idioma:English
Publicado: New York : M. Dekker, c1978.
Series:Lecture notes in pure and applied mathematics ; 38
Materias:
Etiquetas: Agregar Etiqueta
Sin Etiquetas, Sea el primero en etiquetar este registro!
LEADER 00729pam a2200229 a 4500
001 MAT.inmabb002916
008 780403s1978####nyu######b####001#0#eng##
005 20130301130225.0
245 1 0 |a Semisimple Lie algebras /  |c Morikuni Goto, Frank D. Grosshans. 
260 |a New York :  |b M. Dekker,  |c c1978. 
300 |a vii, 480 p. ;  |c 26 cm. 
490 0 |a Lecture notes in pure and applied mathematics ;  |v 38 
504 |a Bibliografía: p. 473-475. 
510 4 |a MR,  |c 58 #28084 
020 |a 0824767446 
100 1 |a Goto, Morikuni. 
700 1 |a Grosshans, Frank D.,  |d 1942- 
650 0 |a Lie algebras. 
084 |a 17-01 (22E60 81Rxx)  |2 msc2000 
010 |a  78006034  
040 |a DLC  |c DLC  |d DLC 
859 |h 17  |i G684  |p A-4946  |b BIB. MATEMATICA